|
|
|
|
| LEADER |
01933nam a2200493 a 4500 |
| 001 |
nkc20132509574 |
| 003 |
CZ PrNK |
| 005 |
20131115161131.0 |
| 007 |
ta |
| 008 |
131025s2013 xr e 000 0 cze |
| 015 |
|
|
|a cnb002509574
|
| 020 |
|
|
|a 978-80-905332-3-3
|q (brož.)
|
| 035 |
|
|
|a (OCoLC)864849501
|
| 040 |
|
|
|a OLA001
|b cze
|d ABA001
|
| 045 |
|
|
|a y-y-
|
| 072 |
|
7 |
|a 33
|x Ekonomie
|2 Konspekt
|9 4
|
| 080 |
|
|
|a 330.342
|2 MRF
|
| 080 |
|
|
|a 338.124.4
|2 MRF
|
| 080 |
|
|
|a 330.8
|2 MRF
|
| 080 |
|
|
|a (049)
|2 MRF
|
| 100 |
1 |
|
|a Barta, Josef
|7 jo2013740684
|4 aut
|
| 245 |
1 |
0 |
|a Privatismus :
|b společensko-ekonomická formace 21. století : 18 tezí pro život : studijní materiál /
|c Josef Barta
|
| 246 |
1 |
|
|i Název v tiráži:
|a Privatismus, společensko-ekonomická formace 21. století
|
| 250 |
|
|
|a 1. vyd.
|
| 260 |
|
|
|a Praha :
|b Synergi Real,
|c 2013
|
| 300 |
|
|
|a 34 s. ;
|c 21 cm
|
| 500 |
|
|
|a Název z obálky
|
| 521 |
8 |
|
|a Pro střední a vysoké školy ekonomického směru
|
| 648 |
|
7 |
|a 21. století
|7 ch460559
|2 czenas
|
| 650 |
0 |
7 |
|a hospodářské systémy
|7 ph114705
|y 21. století
|2 czenas
|
| 650 |
0 |
7 |
|a hospodářská krize
|7 ph120819
|y 21. století
|2 czenas
|
| 650 |
0 |
7 |
|a ekonomické teorie
|7 ph114428
|y 21. století
|2 czenas
|
| 650 |
0 |
9 |
|a economic systems
|y 21st century
|2 eczenas
|
| 650 |
0 |
9 |
|a economic crises
|y 21st century
|2 eczenas
|
| 650 |
0 |
9 |
|a economics (theory)
|y 21st century
|2 eczenas
|
| 655 |
|
7 |
|a pojednání
|7 fd133056
|2 czenas
|
| 655 |
|
9 |
|a essays
|2 eczenas
|
| 856 |
4 |
1 |
|u https://www.digitalniknihovna.cz/mzk/uuid/uuid:a65e24b0-765a-11e5-9690-005056827e51
|y Digitalizovaný dokument
|x NDK
|
| 910 |
2 |
|
|a BOA001
|b 2-1313.795
|
| 990 |
|
|
|a BK
|
| 995 |
|
|
|a 01
|
| 991 |
|
|
|b 201311
|c NOV
|e n
|
| 996 |
6 |
|
|b 2610567792
|c 2-1313.795
|l MZK
|r Sklad / do 1 hodiny
|n 0
|p p.v.
|w 001376644
|u 000010
|a 1
|e BOA001
|j MZK50
|s P
|
| 996 |
7 |
|
|b 2610567793
|c 2-1313.795
|l MZK
|r Sklad / do 1 hodiny
|n 0
|p dar
|w 001376644
|u 000020
|a 1
|e BOA001
|j MZK50
|s A
|